Determinación rápida de la dureza del agua /
Guardado en:
| Autor Principal: | |
|---|---|
| Formato: | Libro |
| Idioma: | Spanish |
| Publicado: |
Napoli :
Universidad de Napoli. Instituto de hidráulica y construcción hidráulica,
1996.
|
| Materias: | |
| Etiquetas: |
Agregar Etiqueta
Sin Etiquetas, Sea el primero en etiquetar este registro!
|
| LEADER | 00644nam a22001815a 4500 | ||
|---|---|---|---|
| 001 | EUN.um063584 | ||
| 003 | AR-BaUNS | ||
| 005 | 20050623122929.0 | ||
| 008 | 041125s1996####it#a##########000#0#spa#d | ||
| 245 | 1 | 0 | |a Determinación rápida de la dureza del agua / |c Luigi Mendia. Traducción de Marcelo Marinangeli. |
| 260 | |a Napoli : |b Universidad de Napoli. Instituto de hidráulica y construcción hidráulica, |c 1996. | ||
| 300 | |a 9 p. : |b ilus. ; |c 28 cm. | ||
| 100 | 1 | |a Mendia, Luigi. | |
| 082 | 0 | 4 | |a 620.82 |
| 653 | |a Marinangeli, Marcelo | ||
| 653 | |a Dureza del agua | ||
| 653 | |a Ingenieria | ||
| 859 | |a Ar-BaUNS |b BIB. CENTRAL - Sector C |h 620.82 |i M523 |p 105121/996 | ||
